[Event "USA-ch U16"]
[Site "Saint Louis"]
[Date "2015.07.12"]
[Round "6"]
[White "Li, Ruifeng"]
[Black "Xiong, Jeffery"]
[Result "1/2-1/2"]
[WhiteElo "2394"]
[BlackElo "2523"]
[Annotator "Fischer,J"]
[PlyCount "79"]
[EventDate "2015.07.07"]
[EventType "tourn"]
[EventRounds "9"]
[EventCountry "USA"]
[EventCategory "6"]
[SourceTitle "CBM 167 Extra"]
[Source "ChessBase"]
[SourceDate "2015.09.14"]
[SourceVersion "1"]
[SourceVersionDate "2015.09.14"]
[SourceQuality "1"]
[WhiteClock "0:38:48"]
[BlackClock "0:09:33"]

1. e4 e6 2. d4 d5 3. Nd2 Be7 4. Ngf3 Nf6 5. Bd3 c5 6. c3 cxd4 7. cxd4 dxe4 8.
Nxe4 Nxe4 9. Bxe4 Bb4+ 10. Bd2 Bxd2+ 11. Qxd2 Nd7 12. O-O-O Nf6 13. Bc2 Bd7 14.
Ne5 Bc6 15. Kb1 O-O 16. f3 Rc8 17. g4 Nd7 18. Qd3 g6 19. Nxc6 Rxc6 20. h4 Qf6
21. h5 Rd8 22. hxg6 hxg6 23. f4 Rdc8 24. Rh2 Qxf4 25. Qh3 Kf8 26. Rf1 Qxd4 27.
Bxg6 Ne5 28. Qh6+ Ke8 29. Rd2 Qxg4 30. Qh8+ Ke7 31. Qf6+ Kf8 32. Rd8+ ({
White could have won with the computer move} 32. Bh7 {Amazing, but Black is
helpless against the threat of 33.Rd8+ Rxd8 34.Qxg8+ Kg7 35.Qg8+.}) 32... Rxd8
33. Qxd8+ Kg7 34. Qf6+ Kf8 35. Bxf7 Qe4+ 36. Ka1 Qf5 37. Qh8+ Kxf7 38. Rxf5+
exf5 39. a4 Rf6 40. Qb8 1/2-1/2

[Event "Pamplona"]
[Site "Pamplona"]
[Date "1999.12.31"]
[Round "5"]
[White "Almasi, Zoltan"]
[Black "Timman, Jan H"]
[Result "1-0"]
[WhiteElo "2663"]
[BlackElo "2650"]
[Annotator "Hecht,H"]
[PlyCount "105"]
[EventDate "1999.12.27"]
[EventType "tourn"]
[EventRounds "9"]
[EventCountry "ESP"]
[EventCategory "15"]
[SourceTitle "CBM 075"]
[Source "ChessBase"]
[SourceDate "2000.04.05"]
[SourceVersion "1"]
[SourceVersionDate "2000.04.05"]
[SourceQuality "1"]

1. e4 e6 2. d4 d5 3. Nd2 Be7 4. Bd3 c5 5. dxc5 Nf6 6. Qe2 Nc6 7. Ngf3 Nb4 8.
Nb3 Nxd3+ 9. cxd3 a5 10. Bg5 a4 11. Nbd2 dxe4 12. dxe4 Nd7 13. Bxe7 Qxe7 14.
Rc1 O-O 15. Qe3 Ra5 16. O-O Rxc5 17. Qa3 b5 18. Ne5 Re8 19. Rxc5 Qxc5 20. Qxc5
Nxc5 21. Rc1 Nd7 22. Nd3 Rd8 23. Kf1 f5 24. f3 Nf6 25. Ke2 fxe4 26. fxe4 Bd7
27. h3 Be8 28. Ke3 Nd7 29. Rc7 Bf7 30. a3 Be8 31. Nf3 Rb8 32. Nd4 Nf8 33. Ne5
h6 34. Re7 Rc8 35. g4 Kh7 36. Nxe6 Nxe6 37. Rxe6 {[#] Weiß gewinnt aufgrund
seines wenigen Springers, des Raumvorteils und des Materials. Interssante
Technik und Taktik.} b4 38. axb4 Bb5 39. Rb6 Bf1 40. h4 Rc2 41. h5 Re2+ 42. Kf3
Rxb2 43. Rb8 {[%cal Re5g6]} g5 44. hxg6+ Kg7 45. Rb7+ Kg8 (45... Kf6 46. g7 $18
) 46. Nd7 $5 ({Weiß konnte hier auf den schwarzen König unter Verwendung des
Bg6 losgehen:} 46. Rh7 $1 {[%cal Re5d7,Rd7f6]} Bb5 47. Nf7 Bc4 48. Nxh6+ Kf8
49. g7+ Ke8 50. g8=Q+ Bxg8 51. Nxg8 $18) 46... Kg7 47. Nc5+ Kxg6 48. Nxa4 Bg2+
49. Kg3 Re2 50. Rb6+ Kg7 51. Nc3 Rc2 52. b5 Bf1 (52... Rxc3+ 53. Kxg2 Re3 54.
Re6 Kf7 55. Rxh6 Rxe4 56. Kg3 Rb4 57. b6 $18) 53. Rc6 (53. Rc6 Bxb5 54. Rc7+
Kg6 55. Nxb5 $18) 1-0

[Event "Zuerich Kortschnoj-A"]
[Site "Zuerich"]
[Date "2001.04.28"]
[Round "2"]
[White "Unzicker, Wolfgang"]
[Black "Short, Nigel D"]
[Result "1/2-1/2"]
[WhiteElo "2432"]
[BlackElo "2676"]
[Annotator "Hecht,H"]
[PlyCount "92"]
[EventDate "2001.04.28"]
[EventType "tourn"]
[EventRounds "5"]
[EventCountry "SUI"]
[EventCategory "14"]
[SourceTitle "CBM 083"]
[Source "ChessBase"]
[SourceDate "2001.07.05"]
[SourceVersion "1"]
[SourceVersionDate "2001.07.05"]
[SourceQuality "1"]

1. e4 e6 2. d4 d5 3. Nd2 Be7 4. Ngf3 Nf6 5. Bd3 c5 6. exd5 Qxd5 7. dxc5 Nbd7 8.
O-O O-O 9. Nb3 Nxc5 10. Nxc5 Bxc5 11. Qe2 b6 12. b3 Bb7 13. Bb2 Qh5 14. Bxf6
Bxf3 15. Qxf3 Qxf3 16. gxf3 gxf6 17. c3 f5 18. Rfd1 a5 19. Kf1 Kg7 20. Ke2 Kf6
21. Rg1 Ba3 22. Rad1 Rfc8 23. c4 a4 24. Rb1 axb3 25. axb3 Bb4 26. Ra1 Bc3 27.
Rxa8 Rxa8 28. Rc1 Bb4 29. Rc2 Ke5 {[#] Schlechte Bauernstruktur beiderseits;
Zugnot der weißen Figuren wegen der Dominanz aller schwarzen Figuren.} 30. c5 (
30. Kf1 Ra3 31. Rc1 Rxb3 32. Be2 (32. Rb1 Rxd3 33. Rxb4 Rd6 34. Ke2 h6 35. Ke3
f4+ 36. Ke2 Kd4 37. c5+ Kxc5 38. Rxf4 f5 $19) 32... Rb2 33. Rd1 $17) 30... bxc5
31. Bc4 Ra1 32. Bb5 Rb1 33. Bc4 f4 34. Bb5 (34. Ra2 Kd4 {[%cal Rb1e1]}) 34...
Rxb3 35. Ra2 Bc3 36. Bc4 Rb1 37. Kd3 Bd4 38. Ra7 f5 $6 (38... Rc1 {[%csl Rc4]
[%cal Rc1c3]} 39. Ra3 Rd1+ 40. Ke2 Rh1 41. Ra7 Rxh2 42. Rxf7 Rxf2+ 43. Kd1 Rxf3
44. Re7 Rc3 45. Bxe6 Kd6 46. Re8 f3 $19) 39. Rxh7 (39. Ra6 $142 $17) 39... Rd1+
$2 (39... Rc1 $1 40. Bb5 Rc3+ 41. Ke2 Rc2+ 42. Kd3 Rxf2 43. Bc6 Ra2 44. h4 Ra3+
45. Kc4 Rc3+ 46. Kb5 Rb3+ 47. Ka4 c4 48. h5 Kd6 49. Bb7 (49. Bb5 Rxb5 50. Kxb5
c3 {[%csl Ga7,Gc7,Gg1,Gh8][%cal Gd4a7,Gd4g1,Gd4h8,Gd6c7]}) 49... Bc5 50. Rg7
Rb4+ 51. Ka5 c3 $19) 40. Kc2 Rh1 41. Rh6 Bxf2 42. Kd3 $1 Kd6 43. Rxe6+ Kc7 44.
Re7+ Kd6 45. Re6+ Kd7 46. Rf6 Rxh2 1/2-1/2

[Event "Corus"]
[Site "Wijk aan Zee"]
[Date "2000.01.23"]
[Round "7"]
[White "Adams, Michael"]
[Black "Morozevich, Alexander"]
[Result "1/2-1/2"]
[WhiteElo "2715"]
[BlackElo "2748"]
[Annotator "Hecht,H"]
[PlyCount "127"]
[EventDate "2000.01.15"]
[EventType "tourn"]
[EventRounds "13"]
[EventCountry "NED"]
[EventCategory "18"]
[SourceTitle "CBM 075"]
[Source "ChessBase"]
[SourceDate "2000.04.05"]
[SourceVersion "1"]
[SourceVersionDate "2000.04.05"]
[SourceQuality "1"]

1. e4 e6 2. d4 d5 3. Nd2 Be7 4. Bd3 c5 5. dxc5 Nf6 6. Qe2 Nc6 7. Ngf3 Nb4 8.
Nb3 Nxd3+ 9. cxd3 a5 10. a4 b6 11. e5 Nd7 12. c6 Nc5 13. Nbd4 Ba6 14. Nb5 Nb3
15. Rb1 Bb4+ 16. Kf1 O-O 17. d4 f6 18. Qe3 Bxb5+ 19. axb5 a4 20. g3 Qe8 21. Qd3
Nxc1 22. Rxc1 a3 23. b3 a2 24. Kg2 Qg6 25. Qxg6 hxg6 26. exf6 gxf6 27. Rhd1 Kf7
28. Ne1 Ba3 29. Rc2 Bb2 30. Rxb2 a1=Q 31. Rxa1 Rxa1 32. Nc2 {[#] Der Springer
stiftet in Verbindung mit dem Freibauern allerhand Unruhe, von der sich
Morozevich anstecken lässt.} Ra5 33. b4 Ra4 34. h4 Ke7 35. Ne3 Kd6 36. Ng4 Ra3
37. Rc2 Kc7 38. Re2 Kd6 39. Rc2 Ke7 40. Re2 Rc8 41. Ne3 Kf7 42. g4 Rc7 43. g5
Rd3 (43... f5 $5) 44. Ng4 Rxd4 45. Nh6+ Ke7 46. Ng8+ Kf7 47. Nh6+ Ke7 48. Ng8+
Kd6 49. Nxf6 Rc8 50. Kg3 Rxb4 51. h5 gxh5 52. g6 {[#]} h4+ $6 (52... Rg8 $1 53.
Nxg8 Rg4+ 54. Kh3 Rxg6 55. Rc2 (55. Ra2 Rxg8 56. Ra7 Kc5 57. Re7 Kxb5 58. Rxe6
Rc8 59. Re5 Kc4 60. Rxh5 Rxc6 $19) 55... Rxg8 56. c7 Rc8 57. Rc6+ Kd7 58. Rxb6
Rxc7 $19) 53. Kh3 Rf4 54. Nd7 Rg8 55. Nxb6 Rb4 (55... Rxg6 56. Nc8+ Kc7 57. b6+
Kxc8 58. Ra2 Kb8 59. c7+ Kb7 60. Ra7+ Kxb6 61. c8=Q Rf3+ 62. Kxh4 Kxa7 63. Qc7+
$11) 56. Rc2 Kc7 57. Nd7 Rxb5 58. Nf6 Rb3+ (58... Rbb8 59. Nxg8 Rxg8 60. Kxh4
Rxg6 $17 {[%csl Rc6][%cal Rg6g8,Rc7d6,Rg8c8]}) 59. Kxh4 Rxg6 60. Ne8+ Kc8 61.
c7 e5 62. Ra2 Rc6 63. Ra8+ Kd7 64. Rd8+ (64. Rd8+ Ke7 65. c8=Q Rxc8 66. Rxc8
Rf3 $11) 1/2-1/2

[Event "Excelsior Cup"]
[Site "Gothenburg"]
[Date "1999.01.14"]
[Round "8"]
[White "Brynell, Stellan"]
[Black "Shulman, Yuri"]
[Result "1/2-1/2"]
[WhiteElo "2489"]
[BlackElo "2523"]
[Annotator "Hertneck,G"]
[PlyCount "58"]
[EventDate "1999.01.07"]
[EventType "tourn"]
[EventRounds "9"]
[EventCountry "SWE"]
[EventCategory "10"]
[SourceTitle "CBM 069"]
[Source "ChessBase"]
[SourceDate "1999.04.01"]
[SourceVersion "1"]
[SourceVersionDate "1999.04.01"]
[SourceQuality "1"]

1. e4 e6 2. d4 d5 3. Nd2 Be7 {Morosewitschs Lieblingszug} 4. Bd3 {Ob Onischuks
4.c3 nach seinem überzeugendem Sieg gegen Morosewitsch in der Bundesliga 98 in
Mode kommen wird, bleibt abzuwarten} c5 5. dxc5 Nf6 $1 {Damit ist das schwarze
Konzept bereits aufgegangen, denn nun ist der Bauernkeil d4/e5 kein Thema mehr}
6. exd5 {Die Alternativen bringen noch weniger ein:} (6. b4 a5 7. c3 dxe4 8.
Nxe4 Nxe4 9. Bxe4 Qxd1+ 10. Kxd1 axb4 11. cxb4 Bf6 12. Rb1 Rxa2 $13) (6. Ngf3
dxe4 7. Nxe4 Nxe4 8. Bxe4 Qxd1+ 9. Kxd1 Bxc5 10. Ke2 Nd7 $11) (6. e5 Nfd7 7.
Qg4 O-O 8. Nb3 Nxe5 9. Bxh7+ Kxh7 10. Qh5+ Kg8 11. Qxe5 Na6 $13) 6... Qxd5 7.
Ngf3 Nbd7 8. O-O (8. b4 {mußte versucht werden, auch wenn die Stellung nach 8..
.a5 oder 8...b6 sehr scharf wird}) 8... Nxc5 {Danach hat Weiß nur noch den
akademischen Vorteil der Bauernmajorität am Damenflügel} 9. Bc4 Qd6 10. b3 a6
11. a4 b6 12. Bb2 Bb7 13. Ne5 Rd8 14. Ndf3 Qxd1 15. Rfxd1 O-O 16. Rxd8 Rxd8 17.
Ng5 Rd2 18. Ngxf7 {Weiß muß aufpassen, daß er sich nicht vergaloppiert} (18.
Rc1 Nfe4 19. Ngxf7 $2 Rxf2 20. b4 Nxa4 21. Bd4 Rf6) 18... Rxc2 19. Ba3 Nd5 (
19... Bd5 $1 $15) 20. g3 b5 21. axb5 axb5 22. b4 Nxb4 23. Bxb5 Ne4 24. Rc1
Rxc1+ 25. Bxc1 Bc5 26. Be3 Bxe3 27. fxe3 Nc2 28. Nd8 Bd5 29. Bd3 Nxe3 1/2-1/2

[Event "Interzonal-15"]
[Site "Manila"]
[Date "1990.??.??"]
[Round "5"]
[White "Ehlvest, Jaan"]
[Black "Lputian, Smbat G"]
[Result "1/2-1/2"]
[WhiteElo "2655"]
[BlackElo "2575"]
[Annotator "Knaak,R"]
[PlyCount "81"]
[EventDate "1990.06.29"]
[EventType "swiss"]
[EventRounds "13"]
[EventCountry "PHI"]
[SourceTitle "CBM 019"]
[Source "ChessBase"]
[SourceDate "1990.12.01"]
[SourceVersion "1"]
[SourceVersionDate "1990.12.01"]
[SourceQuality "1"]

1. e4 e6 2. d4 d5 3. Nd2 Be7 4. Ngf3 Nf6 5. e5 Nfd7 6. c3 c5 7. Bd3 b6 8. Qe2
cxd4 (8... a5 9. c4 $1 {Lputian}) 9. cxd4 a5 10. Nf1 Ba6 11. Bxa6 Rxa6 $6 (
11... Nxa6 12. Ng3 h5 13. h4 Qc8 {/\ Qc4 Lputian}) 12. Ng3 Ra7 (12... h5 13.
O-O $1 (13. h4 Ra7 14. Ng5 Nc6 $13 15. Nxh5 $2 Nxd4 16. Nxg7+ Kf8 17. Qd3 Bc5)
13... h4 14. Nh1 Ra7 15. Be3 $14 {Lputian}) 13. h4 h6 $6 (13... h5 $5 {Lputian}
) 14. Nh5 g6 15. Nf4 Qc8 16. Be3 $14 (16. O-O $5) 16... Bb4+ 17. Kf1 Rc7 18.
Nd3 Rc2 19. Qd1 Be7 20. h5 $6 (20. g3 {Lputian}) 20... g5 21. g3 f5 $1 22. exf6
Bxf6 23. Kg2 O-O 24. Re1 Bg7 $6 (24... Rc7 $13) 25. Nc5 Rxc5 26. dxc5 bxc5 27.
Rc1 d4 28. Bxd4 Bxd4 29. Nxd4 Qb7+ 30. Kg1 cxd4 31. Qxd4 e5 32. Qd6 Rf6 33. Qd2
Nc6 34. Qd5+ Kg7 35. Red1 Ndb8 36. b3 Qe7 37. Re1 Qe8 38. Rc5 Qxh5 39. Rb5 Qf7
40. Qxf7+ Rxf7 41. Rb6 1/2-1/2

[Event "Interzonal-15"]
[Site "Manila"]
[Date "1990.??.??"]
[Round "11"]
[White "Adams, Michael"]
[Black "Lputian, Smbat G"]
[Result "1-0"]
[WhiteElo "2590"]
[BlackElo "2575"]
[Annotator "Knaak,R"]
[PlyCount "63"]
[EventDate "1990.06.29"]
[EventType "swiss"]
[EventRounds "13"]
[EventCountry "PHI"]
[SourceTitle "CBM 019"]
[Source "ChessBase"]
[SourceDate "1990.12.01"]
[SourceVersion "1"]
[SourceVersionDate "1990.12.01"]
[SourceQuality "1"]

1. e4 e6 2. d4 d5 3. Nd2 Be7 4. Bd3 c5 5. dxc5 Nd7 6. exd5 exd5 7. Nb3 Nxc5 8.
Nf3 Nf6 9. O-O ({RR} 9. Nxc5 Bxc5 10. Qe2+ ({RR} 10. O-O O-O 11. c3 Bg4 12. Bg5
Re8 13. Bc2 h6 14. Bxf6 Qxf6 15. Qxd5 Bxf3 16. Qxf3 Qxf3 17. gxf3 Re2 18. Rac1
Rd8 19. b4 Bb6 20. c4 Rdd2 21. c5 Rxc2 22. cxb6 axb6 23. Rxc2 Rxc2 24. Rd1 Rxa2
{Jansa,V-Gausel,E/Gausdal 1991/TD 91\06/0-1 (69)}) 10... Be6 11. c3 O-O 12. Be3
Bxe3 13. Qxe3 Re8 14. O-O Bf5 15. Qd4 Be4 16. Nd2 Re6 17. Nb3 Qc7 18. f3 Bxd3
19. Qxd3 Qc4 20. Rad1 Re2 21. Rf2 Rxf2 22. Kxf2 Qh4+ 23. Kg1 Re8 {Fossan,
E-Gausel,E/NOR 1991/TD 91\06/0-1 (47)}) 9... O-O 10. Be3 Nce4 $1 $13 11. Be2
Bd6 12. Re1 (12. Nfd4 $6 Qc7 $1 $36 {Adams}) 12... Re8 13. Bd4 Nh5 $6 (13...
Bf5 {Adams}) 14. g3 f5 15. Bf1 Be6 $6 (15... Kh8 $5 {Adams}) 16. Be5 $1 $14 {
Adams} Nhf6 17. Qd4 Be7 18. h3 Rf8 (18... f4 $142 19. Bxf4 Nh5 {Adams}) 19. Bg2
Qe8 20. Qd3 {/\ Nbd4} Nd7 21. Bf4 Ndc5 (21... g5 22. Nfd4 Bf6 23. Bd6 $16 {
Adams}) 22. Nxc5 Bxc5 23. Re2 $16 Qa4 $2 24. Ng5 Qc6 25. Nxe6 Qxe6 26. Kh2 Qf7
27. f3 Nd6 28. Rae1 Nc4 29. c3 Rad8 30. b4 Bb6 31. Re7 Qf6 32. R1e6 1-0

[Event "Match/Nation U30 HUN-DDR 8,5-7,5"]
[Site "Budapest"]
[Date "1981.11.05"]
[Round "2.1"]
[White "Sax, Gyula"]
[Black "Knaak, Rainer"]
[Result "0-1"]
[WhiteElo "2560"]
[BlackElo "2495"]
[Annotator "Knaak,R"]
[PlyCount "54"]
[EventDate "1981.11.04"]
[EventType "team-match"]
[EventRounds "2"]
[EventCountry "HUN"]
[SourceTitle "EXT 2003"]
[Source "ChessBase"]
[SourceDate "2002.11.25"]
[SourceVersion "1"]
[SourceVersionDate "2002.11.25"]
[SourceQuality "1"]

1. e4 e6 2. d4 d5 3. Nd2 Be7 4. Bd3 c5 5. dxc5 {Damit geht Weiss bekannten
französischen Stellungsbildern aus dem Wege. Trotzdem muss Schwarz um den
Ausgleich kämpfen.} Nf6 6. Qe2 Nc6 7. Ngf3 O-O 8. a3 a5 9. O-O Nd7 $1 10. exd5
exd5 11. Nb3 a4 12. Nbd4 Nxc5 13. Bb5 Bd7 {Nach dem Textzug hat Weiss wohl
optische Vorteile, da die schwarze Bauernstellung am Damenflügel sehr
geschwächt wirkt. Aber bei noch allen Figuren auf dem Brett, spielt das
vorerst keine grosse Rolle.} ({Hier war auch} 13... Na7 {möglich.}) 14. Be3 Re8
15. Rad1 Bf6 {Ich hatte mich mit meinen letzten Zügen vor allem auf den früher
oder später zu erwartenden Vorstoss c2-c4 eingerichtet.} 16. c4 $2 {Dieser
Fehlzug resultiert vor allem aus dem bisherigen Zeitverbrauch. Denn so leicht,
wie sich die Partie jetzt nachspielt, war es für die Spieler nicht. So hatte
mein Gegner nur noch 40 Minuten für 25 Züge.} ({Weiss sollte nun} 16. c3 {
/\ 17.Nc2 und Angriff auf Pd5 ziehen. Schwarz könnte mit} Ra5 {antworten.})
16... Bxd4 $1 (16... Nxd4 17. Nxd4 Bxd4 18. Bxd7) 17. Nxd4 $2 {Bemerkt die
Gefahr immer noch nicht.} ({Das kleinere Übel bestand in} 17. Bxc6 Bxe3 18.
Bxd7 Nxd7 $1 19. fxe3 dxc4 20. Qxc4 Qe7 {Schwarz steht besser; z.B.} 21. e4
Qc5+ 22. Qxc5 Nxc5 23. e5 Rad8 24. Rxd8 Rxd8 25. Ng5 h6 $1 26. Nxf7 Rd2) 17...
Nxd4 18. Rxd4 Bxb5 19. cxb5 (19. Rxd5 Qxd5) 19... Nb3 20. Rdd1 {[#] Natürlich
steht Schwarz jetzt ganz überlegen,} ({aber} 20. Rd3 {wird mit} d4 {
beantwortet, und nun gewinnt Schwarz sowohl nach} 21. Qg4 ({als auch nach} 21.
Qd1 dxe3 $3 22. Rxd8 Raxd8) 21... Qc8 $1 22. Qxc8 Raxc8) 20... Qd7 $1 21. Qc4
Red8 22. Qb4 d4 {Dieser Bauer garantiert nun einen leichten Sieg.} 23. Bf4 Qf5
24. Bg3 d3 25. Rfe1 d2 26. Re5 Qc2 27. Qg4 Rac8 0-1

[Event "Budapest zt 1.4"]
[Site "Budapest"]
[Date "2000.06.22"]
[Round "6"]
[White "Blehm, Pawel"]
[Black "Ionescu, Constantin"]
[Result "1-0"]
[WhiteElo "2494"]
[BlackElo "2446"]
[Annotator "Kortschnoj,V"]
[PlyCount "43"]
[EventDate "2000.06.17"]
[EventType "swiss"]
[EventRounds "9"]
[EventCountry "HUN"]
[SourceTitle "CBM 078"]
[Source "ChessBase"]
[SourceDate "2000.10.18"]
[SourceVersion "1"]
[SourceVersionDate "2000.10.18"]
[SourceQuality "1"]

1. e4 e6 2. d4 d5 3. Nd2 Be7 4. e5 c5 5. Qg4 g5 $2 {To my mind the only
reasonable move here is 5...Kf8. Practical results in masters tournaments
confirm this point of view.} 6. Qh5 $1 cxd4 {After 6...Nc6 - 7.dc is pretty
unpleasant for black.} 7. Ndf3 $1 {This a novelty, and strong one!} Nc6 8. Nh3
Qc7 9. Nhxg5 Nxe5 10. Bb5+ Bd7 {More stubborn would be 10...Kf8 11.Se6 Le6 12.
De5 De5 13.Se5 with a bad endgame for black.} 11. Nxe6 $1 $18 Nxf3+ 12. gxf3
Qxc2 13. Bxd7+ Kxd7 14. Qxd5+ Kc8 (14... Ke8 15. Qb5+ Qc6 16. Nc7+ $18) (14...
Bd6 15. Nxd4 $18) 15. Bd2 fxe6 16. Qxd4 Bf6 (16... e5 17. Qxe5 Bf6 18. Qe6+ Kd8
19. Rd1 $18) 17. Qd6 Bxb2 18. Qxe6+ Kd8 19. Ba5+ b6 20. Rd1+ Kc7 21. Rd7+ Kb8
22. Bd2 {22...Lc1 23.De5 Kc8 24.De8} 1-0

[Event "Tata Steel-C 74th"]
[Site "Wijk aan Zee"]
[Date "2012.01.19"]
[Round "5"]
[White "Adhiban, Baskaran"]
[Black "Sadler, Matthew D"]
[Result "1/2-1/2"]
[WhiteElo "2561"]
[BlackElo "2660"]
[Annotator "Let's Check Training"]
[PlyCount "117"]
[EventDate "2012.01.14"]
[EventType "tourn"]
[EventRounds "13"]
[EventCountry "NED"]
[EventCategory "9"]
[SourceTitle "CBM 147"]
[Source "ChessBase"]
[SourceDate "2012.03.16"]
[SourceVersion "1"]
[SourceVersionDate "2012.03.16"]
[SourceQuality "1"]

1. e4 e6 2. d4 d5 3. Nd2 h6 4. Ngf3 Nf6 5. e5 Nfd7 6. c4 dxc4 7. Nxc4 Nb6 8.
Bd3 Nc6 9. O-O Nb4 10. Nxb6 axb6 11. Be4 Be7 12. Re1 Nd5 13. Qd3 Bb4 14. Bd2
Bxd2 15. Qxd2 Bd7 16. Bxd5 exd5 17. a3 O-O 18. Rac1 c6 19. Rc3 Bf5 20. h3 b5
21. Nh2 Kh8 22. Nf1 Qe7 23. b4 Bh7 24. Ng3 Rae8 25. Rce3 Qh4 26. Qd1 Re6 27.
Qg4 Qd8 28. f4 f5 29. Qe2 Bg8 30. Kh2 Ree8 31. Nh1 Be6 32. Nf2 Qh4 33. Nd3 b6
34. Qf2 Qe7 35. Rc1 Rc8 36. Rc3 Rc7 37. Re1 Kg8 38. Qf3 Kh8 39. Rec1 Bd7 40.
Nf2 Qf7 41. Re3 Be6 42. Rec3 Bd7 43. Qg3 Kh7 44. Qh4 Ra7 45. Re1 c5 46. dxc5
bxc5 47. Nd3 d4 48. Rxc5 Be6 49. Rc6 Rxa3 50. Nc5 Bd5 51. Rd6 Ra2 52. Rg1 Rfa8
$1 (52... Re8 $2) 53. e6 {[%tqu "En","","","","d5g2","",10]} Bxg2 $1 54. Qxh6+
$1 (54. Rxg2 $2) 54... gxh6 55. exf7 Bd5+ 56. Kg3 Bxf7 57. Kh4 Rg8 58. Rxg8
Kxg8 59. Rxd4 1/2-1/2